00000000nam##2200000za#4500
0019.632052
003CaOODSP
00520220505163028
007cr |||||||||||
008150407|2005||||xxc|||||o    f|0| 0 fre|d
020 |a0-662-74476-4
040 |aCaOODSP|bfre
043 |an-cn---
0861 |aHP2-2/2004F-PDF
1102 |aAgence de santé publique du Canada.
24510|aL'Initiative de lutte contre la violence familiale - rapport sur le rendement pour la période 2002-2003 et 2003-2004 / |h[ressource électronique]|c[par] Wanda Jamieson.
260 |aOttawa - Ontario : |bAgence de santé publique du Canada |c2005.
300 |a54p.|bfigure, graphiques, tableau
500 |aLe n° de catalogue et l’ISBN de l'édition imprimée bilingue ont été incorrectement copiés dans l’édition électronique.
590 |a06-10-Supp|b2006-12-15
69107|aViolence familiale|2gcpds
69107|aProgramme fédéral|2gcpds
69107|aÉvaluation du rendement|2gcpds
69107|aPrévention|2gcpds
7201 |aJamieson, Wanda
77508|tFamily Violence Initiative performance report 2002-2003 to 2003-2004 / |w(CaOODSP)9.687609
85640|ahttp://publications.gc.ca|qPDF|s699 Ko|uhttps://publications.gc.ca/collections/Collection/HP2-2-2004F.pdf